000
00303nam a2200121Ia 4500
005
20251222152034.0
008
251222s9999||||xx |||||||||||||| ||spa||
082
_a
664.8/S42
245
0
_a
Manual para la Preparación y Ventas de Frutas y Hortalizas
250
_a
1ra.ed.
264
_b
FAO
942
_c
LIB
999
_c
25795
_d
25795